Представление документа в формате RUSMARC

ПолеНазваниеЗначение
  Тип записи a
  Библиографический уровень a
001 Контрольный номер UONB/MAIN/dc238f9da9e343ed88fd7b6bb54ce317
005 Дата корректировки 20260315133556.6
100 Данные общей обработки __
a Данные общей обработки 20260315 ||| 0rusy0189 ca
101 Язык документа 0_
a Язык текста rus
102 Страна публикации __
a Страна публикации RU
200 Заглавие и сведения об ответственности 1_
a Заглавие Новый год в больнице на окраине мира
f Первые сведения об ответственности Д. Семенов
203 Вид содержания и тип средства __
a Вид содержания Текст
b Характеристика содержания визуальный
c Тип средства непосредственный
215 Физическое описание __
c Иллюстрации/тип воспроизводства ил., фот.
330 Аннотация __
a Аннотация Празднование Нового года в Карамзинской колонии душевнобольных.
461 Уровень набора _0
1 2000
a Мономах
463 Уровень физической единицы _0
1 2000
a № 1 (151)
v С. 42-45
1 2101
d 2026
1 001UONB/MAIN/4d6c2f41dae74779a6f13d943e5f83f3
601 Наименование организации как предмет 02
a Наименование организации как предмет Карамзинская колония душевнобольных
610 Ключевые слова 0_
a Ключевые слова Карамзинская колония душевнобольных; Новый год
686 Индексы других классификаций __
2 Код системы rubbk
a Классификационный индекс
700 Автор _1
a Фамилия Семенов
b Имя (инициалы) Д.
g Полное личное имя Дмитрий
801 Источник записи _0
a Страна RU
b Организация Ульяновская ОНБ
c Дата составления 20260315
g Правила каталогизации RCR
801 Источник записи _1
a Страна RU
b Организация Ульяновская ОНБ
c Дата составления 20260315
g Правила каталогизации RCR
901 Тип документа __
t Тип документа b
w Контрольный № источника UONB/MAIN/4d6c2f41dae74779a6f13d943e5f83f3
909 Создатель записи __
a Создатель записи Осокина
b Дата создания записи 20260315